| 000 | 00820cab a22002175a 4500 | ||
|---|---|---|---|
| 001 | L159902 | ||
| 008 | 150113e2018 xxk 000 0 eng d | ||
| 035 | _a(Sirsi) u159902 | ||
| 041 | 0 | _aeng | |
| 050 | _a690.24 $2 18 | ||
| 100 | 1 | _aRadley, Andy | |
| 245 | 0 | 0 |
_aModel clients _h[electronic resource] |
| 260 |
_aLondon _bRICS _c2018 |
||
| 490 |
_aRICS Building Surveying Journal _vMarch - April 2018, 16(1) |
||
| 520 | _aLooks at the implications of using building information modeling for refurbishment which is less straigthforward proposition than it is for new builds. | ||
| 650 | 2 | 4 |
_aBIM _96219 |
| 651 | 4 |
_aUnited Kingdom _y |
|
| 690 |
_aRefurbishment _96264 |
||
| 856 | 4 | 0 |
_uhttps://issuu.com/ricsmodus/docs/building_surveying_journal_march_ap_aa689a2c570f4c _yAvailable free online via Issuu |
| 942 |
_n0 _2ddc |
||
| 999 |
_c85054 _d85054 |
||